00254nam a22001097a 4500082001500000100001400015245003700029250001600066260002900082300000900111650002400120 a297.03 BRI aE.J Brill aThe Encyclopedia of Islam H-IRAM aNew Edition aLondonbE.J. Brillc1971 a1270 aEncyclopedia- Islam